Pokémon - Les attaques de Haydaim - Statistiques

Statistiques générales
  • Ce quiz a été pris 13 fois
  • Le résultat moyen est 11 sur 17
Statistiques - réponses
Niveaux Types Noms des attaques % Correct
Départ Normal Charge
100%
Niveau 10 Combat Double Pied
89%
Départ Évolution Plante Encornebois
89%
Départ Niveau 7 Sol Jet de Sable
89%
Départ Niveau 4 Normal Rugissement
89%
Niveau 20 Normal Bélier
78%
Niveau 36 Fée Charme
78%
Niveau 52 Normal Damoclès
78%
Niveau 60 Plante Lance-Soleil
78%
Niveau 13 Plante Vampigraine
78%
Niveau 24 Combat Pied Sauté
67%
Niveau 32 Plante Éco-Sphère
56%
Niveau 16 Ténèbres Feinte
56%
Niveau 28 Plante Aromathérapie
44%
Départ Insecte Mégacorne
44%
Niveau 44 Normal Force-Nature
22%
Départ Normal Camouflage
11%
Aucun quiz correspondant
Distribution des résultats
% des personnes avec chaque résultat
Percentile par nombre de réponses
Votre historique - résultats
Vous n’avez pas pris ce quiz